| 000 | 00845cab a22002415a 4500 | ||
|---|---|---|---|
| 001 | L159895 | ||
| 008 | 150113e2018 xxk 000 0 eng d | ||
| 035 | _a(Sirsi) u159895 | ||
| 041 | 0 | _aeng | |
| 050 | _a333.72 $2 18 | ||
| 100 | 1 | _aLown, Mat | |
| 245 | 0 | 0 |
_aAvoiding the MEES trap _h[electronic resource] |
| 260 |
_aLondon _bRICS _c2018 |
||
| 490 |
_aRICS Building Surveying Journal _vMarch - April 2018, 4-5(2) |
||
| 520 | _aOutlines the implications of the Minimum Energy Efficiency Standards due to come into force on 1st April 2018. | ||
| 650 | 2 | 4 | _aMEES |
| 650 | 2 | 4 | _aENERGY EFFICIENCY |
| 651 | 4 |
_aUnited Kingdom _y |
|
| 690 |
_aSustainability _96271 |
||
| 690 |
_aEnergy _96237 |
||
| 856 | 4 | 0 |
_uhttps://issuu.com/ricsmodus/docs/building_surveying_journal_march_ap_aa689a2c570f4c _yAvailable free online via Issuu |
| 942 |
_n0 _2ddc |
||
| 999 |
_c85050 _d85050 |
||